00610nam a22001817a 4500952012900000999001700129003000400146005001700150008004100167020001800208040000900226082001800235100002200253245005900275260004400334300000800378942004200386 00102ddc40708NFICaMESbMEScMALd2019-10-26g70.00l0o294.55 PUN/Ap40806r2019-11-04 00:00:00w2019-11-04yBKzGR17R1 c40781d40781OSt20210101142617.0191104b ||||| |||| 00| 0 eng d a9788182719286 coclc a294.55bPUN/A1 925aPuniyani, Ram aAmbedkarum Nava Hindutva Rashtreeyavum /cRam Puniyani aKozhikode :bPratheeksha Books, c2018. a64p 2ddccBKh294.55iPUN/Ak294.55mPUN/A